Paris : Les odonymes se référant à des batailles 1 - Statistiques

Statistiques générales
  • Ce quiz a été pris 20 fois
  • Le résultat moyen est 5 sur 29
Statistiques - réponses
Hint Réponse % Correct
Marne 1914
83%
Stalingrad 1942-1943
78%
Austerlitz 1805
61%
Bouvines 1214
56%
Friedland 1807
39%
Narvik 1940
39%
Vouillé 507
22%
Jemmapes 1792
17%
Mazagran 1840
11%
Casteggio 1859
11%
Yser 1914
11%
Thionville 1792
6%
Mondovi 1796
6%
Castiglione 1796
6%
Le Caire 1798
6%
Aboukir 1799
6%
Alexandrie 1801
6%
Mogador 1844
6%
Montebello 1859
6%
Pékin 1860
6%
Puebla 1863
6%
Civry 1870
6%
Liège 1914
6%
Salonique 1918
6%
Gênes 1800
0%
Trocadéro 1823
0%
Anvers 1832
0%
Varize 1870
0%
Sontay 1883
0%
Aucun quiz correspondant
Distribution des résultats
% des personnes avec chaque résultat
Percentile par nombre de réponses
Votre historique - résultats
Vous n’avez pas pris ce quiz